000 00873nam a22002777a 4500
001 BR7702888
003 BR-BrBNA
005 20230928085303.0
007 ta
008 230509b bl.||||| |||| 00| 0 por d
040 _aBR-BrBNA
_bpor
_cBiblioteca Nacional de Agricultura
041 _a(Por)
072 _aA00
_b/G514
090 _ A00 BR7702888
100 1 _aSimao, O.
100 1 _aCarvalho, M.E.F. de
100 1 _aRocha, S.C. da (comps.)
110 1 _aEscola Superior de Agricultura Luiz de Queiroz, Piracicaba, SP (Brasil). Biblioteca
_94379
245 1 _aTeses da ESALQ 1901-1976 [Escola Superior de Agricultura Luiz de Queiroz; Bibliografia; Piracicaba; Sao Paulo: Brasil]
260 3 _aPiracicaba, SP (Brasil):
_c1977.
300 _a149 p.
650 _aAgricultura
650 _aBibliografia
909 _a202309
_bLucia
_c55
_dLucia Elande
942 _cBK
999 _c23679
_d23679